Die teuersten Fußballtransfers - Rechter Verteidiger - 2020-2021 - Statistiken

Allgemein
  • Dieses Quiz wurde 21 mal gespielt
  • Das Durchschnittsergebnis liegt bei 5 aus 10
Antwortstatistiken
Ablöse (M €) Nationalität Abgebender Verein Aufnehmender Verein Spieler % Korrekt
43,00 Marokko Real Madrid Inter Mailand Achraf Hakimi
100%
32,00 Portugal FC Barcelona Wolverhampton Nélson Semedo
78%
21,00 Vereinigte Stateen Ajax Amsterdam FC Barcelona Sergiño Dest
72%
10,00 Deutschland 1.FSV Mainz 05 VfL Wolfsburg Ridle Baku
50%
15,,75 England / Polen Nottingham Forest Aston Villa Matty Cash
44%
13,70 Dänemark KRC Genk Atalanta Bergamo Joakim Maehle
39%
10,90 Belgien Atalanta Bergamo Leicester Timothy Castagne
33%
16,80 Irland Wolverhampton Tottenham Matt Doherty
28%
13,30 England Tottenham Southampton Kyle Walker-Peters
6%
11,00 Spanien US Sassuolo AC Florenz Pol Lirola
0%
Keine übereinstimmenden Quizze gefunden
Verteilung der Resultate
Anzahl Personen mit jedem Resultat
Perzentil nach korrekt beantworteten Fragen
Ihre Resultats-Entwicklung
Sie haben dieses Quiz noch nicht gespielt